PHYSICAL PHARMACUETICS - II (SEM-IV) (Record no. 5870)

MARC details
000 -LEADER
fixed length control field 00435nam a22001577a 4500
005 - DATE AND TIME OF LATEST TRANSACTION
control field 20240108151900.0
008 - FIXED-LENGTH DATA ELEMENTS--GENERAL INFORMATION
fixed length control field 190528b xxu||||| |||| 00| 0 eng d
020 ## - INTERNATIONAL STANDARD BOOK NUMBER
ISBN 9789-93-5164-991-5
041 ## - LANGUAGE CODE
Language code of text/sound track or separate title eng
100 ## - MAIN ENTRY--AUTHOR NAME
Personal name KHADE, PRASHANT H..,KADKE,SUJIT S.,AND PUTTEWAR,TRUSHA Y.
245 ## - TITLE STATEMENT
Title PHYSICAL PHARMACUETICS - II (SEM-IV)
250 ## - EDITION STATEMENT
Edition statement 2nd Ed., 2018
260 ## - PUBLICATION, DISTRIBUTION, ETC. (IMPRINT)
Place of publication PUNE
Name of publisher NIRALI PRAKASHAN
300 ## - PHYSICAL DESCRIPTION
Number of Pages 5.38p,
942 ## - ADDED ENTRY ELEMENTS (KOHA)
Koha item type Books
Holdings
Lost status Damaged status Collection code Home library Current library Shelving location Date acquired Source of acquisition Cost, normal purchase price Accession Number Koha item type Full call number
    Reference JRU Library JRU Library SHELF-4-C 28/05/2019 PURCHESS 160.00 22788 Books  
    PHARMACY JRU Library JRU Library Shelf - 23- D 28/05/2019 PURCHESS 160.00 22789 Books 615.19
    PHARMACY JRU Library JRU Library Shelf - 23- D 28/05/2019 PURCHESS 160.00 22790 Books 615.19